<?xml version="1.0" encoding="UTF-8"?>
<record
    xmlns:xsi="http://www.w3.org/2001/XMLSchema-instance"
    xsi:schemaLocation="http://www.loc.gov/MARC21/slim http://www.loc.gov/standards/marcxml/schema/MARC21slim.xsd"
    xmlns="http://www.loc.gov/MARC21/slim">

  <leader>00381nam a2200145Ia 4500</leader>
  <controlfield tag="008">230411s9999    xx            000 0 und d</controlfield>
  <datafield tag="020" ind1=" " ind2=" ">
    <subfield code="a">978-81-312-3652-9</subfield>
  </datafield>
  <datafield tag="041" ind1=" " ind2=" ">
    <subfield code="a">eng</subfield>
  </datafield>
  <datafield tag="082" ind1=" " ind2=" ">
    <subfield code="a">PS/610.7365/THE/B08190</subfield>
  </datafield>
  <datafield tag="100" ind1=" " ind2=" ">
    <subfield code="a">Theodore Dorothy</subfield>
  </datafield>
  <datafield tag="245" ind1=" " ind2=" ">
    <subfield code="a">Textbook of Mental Health Nursing</subfield>
  </datafield>
  <datafield tag="260" ind1=" " ind2=" ">
    <subfield code="b">Elsevier</subfield>
    <subfield code="a">New Delhi</subfield>
    <subfield code="c">2015</subfield>
  </datafield>
  <datafield tag="300" ind1=" " ind2=" ">
    <subfield code="a">405p</subfield>
  </datafield>
  <datafield tag="999" ind1=" " ind2=" ">
    <subfield code="c">158030</subfield>
    <subfield code="d">158030</subfield>
  </datafield>
  <datafield tag="952" ind1=" " ind2=" ">
    <subfield code="0">0</subfield>
    <subfield code="1">0</subfield>
    <subfield code="4">0</subfield>
    <subfield code="7">3</subfield>
    <subfield code="8">PS</subfield>
    <subfield code="a">BTIN</subfield>
    <subfield code="b">BTIN</subfield>
    <subfield code="d">2016-03-19</subfield>
    <subfield code="e">B.J.Medical Co-oprative College Stores</subfield>
    <subfield code="g">295.00</subfield>
    <subfield code="i">209</subfield>
    <subfield code="j">1</subfield>
    <subfield code="o">PS 610.7365 THE B08190</subfield>
    <subfield code="p">BTIN-BK-8190</subfield>
    <subfield code="r">2023-04-11 00:00:00</subfield>
    <subfield code="v">206.50</subfield>
    <subfield code="w">2016-03-19</subfield>
    <subfield code="y">BK</subfield>
    <subfield code="z">B08190</subfield>
  </datafield>
  <datafield tag="952" ind1=" " ind2=" ">
    <subfield code="0">0</subfield>
    <subfield code="1">0</subfield>
    <subfield code="4">0</subfield>
    <subfield code="7">0</subfield>
    <subfield code="8">PS</subfield>
    <subfield code="a">BTIN</subfield>
    <subfield code="b">BTIN</subfield>
    <subfield code="d">2016-03-19</subfield>
    <subfield code="e">B.J.Medical Co-oprative College Stores</subfield>
    <subfield code="g">295.00</subfield>
    <subfield code="i">209</subfield>
    <subfield code="j">1</subfield>
    <subfield code="l">3</subfield>
    <subfield code="o">PS 610.7365 THE B08191</subfield>
    <subfield code="p">BTIN-BK-8191</subfield>
    <subfield code="r">2025-09-12 00:00:00</subfield>
    <subfield code="s">2025-09-03</subfield>
    <subfield code="v">206.50</subfield>
    <subfield code="w">2016-03-19</subfield>
    <subfield code="y">BK</subfield>
    <subfield code="z">B08191</subfield>
  </datafield>
  <datafield tag="952" ind1=" " ind2=" ">
    <subfield code="0">0</subfield>
    <subfield code="1">0</subfield>
    <subfield code="4">0</subfield>
    <subfield code="7">0</subfield>
    <subfield code="8">MS</subfield>
    <subfield code="a">BTIN</subfield>
    <subfield code="b">BTIN</subfield>
    <subfield code="d">2016-03-19</subfield>
    <subfield code="e">B.J.Medical Co-oprative College Stores</subfield>
    <subfield code="g">1795.00</subfield>
    <subfield code="i">209</subfield>
    <subfield code="j">1</subfield>
    <subfield code="l">3</subfield>
    <subfield code="o">MS 610.7361 CHI B08192</subfield>
    <subfield code="p">BTIN-BK-8192</subfield>
    <subfield code="r">2025-01-24 00:00:00</subfield>
    <subfield code="s">2025-01-21</subfield>
    <subfield code="v">628.25</subfield>
    <subfield code="w">2016-03-19</subfield>
    <subfield code="y">BK</subfield>
    <subfield code="z">B08192</subfield>
  </datafield>
  <datafield tag="952" ind1=" " ind2=" ">
    <subfield code="0">0</subfield>
    <subfield code="1">0</subfield>
    <subfield code="4">0</subfield>
    <subfield code="7">0</subfield>
    <subfield code="8">MS</subfield>
    <subfield code="a">BTIN</subfield>
    <subfield code="b">BTIN</subfield>
    <subfield code="d">2016-03-19</subfield>
    <subfield code="e">B.J.Medical Co-oprative College Stores</subfield>
    <subfield code="g">1795.00</subfield>
    <subfield code="i">209</subfield>
    <subfield code="j">1</subfield>
    <subfield code="l">2</subfield>
    <subfield code="m">1</subfield>
    <subfield code="o">MS 610.7361 CHI B08193</subfield>
    <subfield code="p">BTIN-BK-8193</subfield>
    <subfield code="r">2023-08-24 00:00:00</subfield>
    <subfield code="s">2023-08-09</subfield>
    <subfield code="v">628.25</subfield>
    <subfield code="w">2016-03-19</subfield>
    <subfield code="y">BK</subfield>
    <subfield code="z">B08193</subfield>
  </datafield>
  <datafield tag="952" ind1=" " ind2=" ">
    <subfield code="0">0</subfield>
    <subfield code="1">0</subfield>
    <subfield code="4">0</subfield>
    <subfield code="7">0</subfield>
    <subfield code="8">MS</subfield>
    <subfield code="a">BTIN</subfield>
    <subfield code="b">BTIN</subfield>
    <subfield code="d">2016-03-19</subfield>
    <subfield code="e">B.J.Medical Co-oprative College Stores</subfield>
    <subfield code="g">1795.00</subfield>
    <subfield code="i">209</subfield>
    <subfield code="j">1</subfield>
    <subfield code="l">3</subfield>
    <subfield code="o">MS 610.7361 CHI B08194</subfield>
    <subfield code="p">BTIN-BK-8194</subfield>
    <subfield code="r">2024-12-12 00:00:00</subfield>
    <subfield code="s">2024-12-06</subfield>
    <subfield code="v">628.25</subfield>
    <subfield code="w">2016-03-19</subfield>
    <subfield code="y">BK</subfield>
    <subfield code="z">B08194</subfield>
  </datafield>
</record>
